000
00342pam a2200157a 44500
008
230515b1980 xxu||||| |||| 00| 0 eng d
020
_a
NULL
041
_a
ENGLISH
082
_a
5.133/LET
100
_a
LETWIN
245
_a
INSIDE OS/2
250
_a
1
260
_a
DELHI
_b
MIR PUBLISHERS
_c
1980
300
_a
XIV/289
650
_a
NULL
999
_c
667178
_d
667178